Statistics for Most Popular Movie by Year on Letterboxd

Click here to take the quiz!

General Stats

  • This quiz has been taken 30 times
  • The average score is 46 of 64

Answer Stats

YearDirectorActor/ActressMovie% Correct
2002Sam RaimiTobey MaguireSpider-Man
100%
2018Rodney Rothman, Peter Ramsey, Bob PersichettiShameik MooreSpider-Man: Into the Spider-Verse
100%
2021Jon WattsTom HollandSpider-Man: No Way Home
100%
2022Daniel Scheinert, Daniel KwanMichelle YeohEverything Everywhere All at Once
96%
2010Christopher NolanLeonardo DiCaprioInception
96%
2019Bong Joon-hoSong Kang-hoParasite
96%
2008Christopher NolanChristian BaleThe Dark Knight
96%
2012Quentin TarantinoJamie FoxxDjango Unchained
92%
2017Jordan PeeleDaniel KaluuyaGet Out
92%
2016Damien ChazelleRyan GoslingLa La Land
92%
1972Francis Ford CoppolaMarlon BrandoThe Godfather
92%
1997James CameronLeonardo DiCaprioTitanic
92%
2009Quentin TarantinoBrad PittInglourious Basterds
88%
2003Quentin TarantinoUma ThurmanKill Bill: Vol. 1
88%
1994Quentin TarantinoJohn TravoltaPulp Fiction
88%
1981Steven SpielbergHarrison FordRaiders of the Lost Ark
88%
1980Stanley KubrickJack NicholsonThe Shining
88%
1999David FincherEdward NortonFight Club
85%
1990Martin ScorseseRay LiottaGoodFellas
85%
1977George LucasMark HamillStar Wars
85%
1991Jonathan DemmeJodie FosterThe Silence of the Lambs
85%
1998Peter WeirJim CarreyThe Truman Show
85%
2014Damien ChazelleMiles TellerWhiplash
85%
1979Ridley ScottSigourney WeaverAlien
81%
2000Mary HarronChristian BaleAmerican Psycho
81%
1985Robert ZemeckisMichael J. FoxBack to the Future
81%
2005Christopher NolanChristian BaleBatman Begins
81%
2023James GunnChris PrattGuardians of the Galaxy Vol. 3
81%
1975Steven SpielbergRoy ScheiderJaws
81%
1992Quentin TarantinoHarvey KeitelReservoir Dogs
81%
1974Francis Ford CoppolaAl PacinoThe Godfather: Part II
81%
2013Martin ScorseseLeonardo DiCaprioThe Wolf of Wall Street
81%
1971Stanley KubrickMalcolm McDowellA Clockwork Orange
77%
1982Ridley ScottHarrison FordBlade Runner
77%
2011Nicolas Winding RefnRyan GoslingDrive
77%
1993Steven SpielbergSam NeillJurassic Park
77%
1960Alfred HitchcockAnthony PerkinsPsycho
77%
1995David FincherBrad PittSe7en
77%
1968Stanley KubrickKeir Dullea2001: A Space Odyssey
73%
1989Peter WeirRobin WilliamsDead Poets Society
73%
1976Martin ScorseseRobert De NiroTaxi Driver
73%
1986John HughesMatthew BroderickFerris Bueller’s Day Off
69%
2015George MillerTom HardyMad Max: Fury Road
69%
2007Brad BirdPatton OswaltRatatouille
69%
2001Hayao MiyazakiRumi HiiragiSpirited Away
69%
1966Sergio LeoneClint EastwoodThe Good, the Bad and the Ugly
69%
2004Michel GondryJim CarreyEternal Sunshine of the Spotless Mind
65%
1965Robert WiseJulie AndrewsThe Sound of Music
62%
1983Richard MarquandMark Hamill
Return of the Jedi
58%
2020Pete DocterJamie FoxxSoul
58%
1964Stanley KubrickPeter SellersDr. Strangelove or: How I Learned to Stop Worrying and Love the Bomb
54%
1984Ivan ReitmanBill MurrayGhostbusters
54%
1996Wes CravenDavid ArquetteScream
54%
1963Alfred HitchcockTippi HedrenThe Birds
54%
1987Stanley KubrickMatthew ModineFull Metal Jacket
46%
1978John CarpenterDonald PleasenceHalloween
46%
1961Blake EdwardsAudrey HepburnBreakfast at Tiffany’s
38%
1988Hayao MiyazakiNoriko HidakaMy Neighbor Totoro
38%
1973William FriedkinEllen BurstynThe Exorcist
35%
1962David LeanPeter O'TooleLawrence of Arabia
31%
2006Jonathan Dayton, Valerie FarisGreg KinnearLittle Miss Sunshine
31%
1970Wolfgang ReithermanPhil HarrisThe Aristocats
27%
1969John SchlesingerJon VoightMidnight Cowboy
23%
1967Mike Nichols
Anne BancroftThe Graduate
19%

Score Distribution

Percentile by Number Answered

Percent of People with Each Score

Your Score History

You have not taken this quiz